Quan hệ chính trị giữa Việt Nam - Trung Quốc từ sau bình thường hoá quan hệ đến nay /
Đã lưu trong:
| 主要作者: | |
|---|---|
| 格式: | Bài viết |
| 語言: | Vietnamese |
| 主題: | |
| 標簽: |
添加標簽
沒有標簽, 成為第一個標記此記錄!
|
| Thư viện lưu trữ: | Thư viện Trường Đại học Đà Lạt |
|---|
| LEADER | 00862nam a2200289 4500 | ||
|---|---|---|---|
| 001 | DLU090065698 | ||
| 005 | ##20090415 | ||
| 040 | # | # | |a DLU |b vie |
| 041 | # | # | |a vie |
| 044 | # | # | |a vn |
| 100 | # | # | |a Lê Tuấn Thanh. |
| 245 | # | # | |a Quan hệ chính trị giữa Việt Nam - Trung Quốc từ sau bình thường hoá quan hệ đến nay / |c Lê Tuấn Thanh. |
| 653 | # | # | |a Giai đoạn 1991-2008 |
| 653 | # | # | |a Quan hệ ngoại giao |
| 653 | # | # | |a Trung Quốc |
| 653 | # | # | |a Việt Nam |
| 773 | # | # | |t Nghiên cứu Đông Bắc Á |g Số 2(84), 2008, tr. 27-37 |
| 920 | # | # | |a Phòng Tạp chí -- Trung tâm Thông tin - Thư viện Trường Đại học Đà Lạt |
| 933 | # | # | |a LS |
| 994 | # | # | |a DLU |
| 900 | # | # | |a True |
| 911 | # | # | |a Hoàng Thị Huyền |
| 925 | # | # | |a G |
| 926 | # | # | |a A |
| 927 | # | # | |a BB |
| 980 | # | # | |a Thư viện Trường Đại học Đà Lạt |